<?xml version="1.0" encoding="UTF-8"?><?xml-stylesheet type="text/xsl" href="static/style.xsl"?><OAI-PMH xmlns="http://www.openarchives.org/OAI/2.0/" xmlns:xsi="http://www.w3.org/2001/XMLSchema-instance" xsi:schemaLocation="http://www.openarchives.org/OAI/2.0/ http://www.openarchives.org/OAI/2.0/OAI-PMH.xsd"><responseDate>2026-04-27T12:55:28Z</responseDate><request verb="GetRecord" identifier="oai:uvadoc.uva.es:10324/60449" metadataPrefix="marc">https://uvadoc.uva.es/oai/request</request><GetRecord><record><header><identifier>oai:uvadoc.uva.es:10324/60449</identifier><datestamp>2023-07-20T19:01:42Z</datestamp><setSpec>com_10324_38</setSpec><setSpec>col_10324_852</setSpec></header><metadata><record xmlns="http://www.loc.gov/MARC21/slim" xmlns:doc="http://www.lyncode.com/xoai" xmlns:xsi="http://www.w3.org/2001/XMLSchema-instance" xmlns:dcterms="http://purl.org/dc/terms/" xsi:schemaLocation="http://www.loc.gov/MARC21/slim http://www.loc.gov/standards/marcxml/schema/MARC21slim.xsd">
<leader>00925njm 22002777a 4500</leader>
<datafield tag="042" ind1=" " ind2=" ">
<subfield code="a">dc</subfield>
</datafield>
<datafield tag="720" ind1=" " ind2=" ">
<subfield code="a">Rodríguez Garduño, Julia</subfield>
<subfield code="e">author</subfield>
</datafield>
<datafield tag="260" ind1=" " ind2=" ">
<subfield code="c">2023</subfield>
</datafield>
<datafield tag="520" ind1=" " ind2=" ">
<subfield code="a">La formación en salud mental de calidad no se puede lograr sin llegar a tener una comprensión razonable de la perspectiva de los adolescentes. Por ello, el objetivo de este trabajo es evaluar sus experiencias de prevención y promoción de salud mental para realizar propuestas de mejora. Como consecuencia, se realizó una investigación cualitativa (cuestionario e intervención presencial con dos grupos focales) recogiendo sus vivencias y opiniones sobre diversos aspectos. Se obtuvieron 35 respuestas en el cuestionario, así como un mapa conceptual tras codificar ambas intervenciones por categorías temáticas. Los resultados reflejan la necesidad de implicación de los adolescentes en el proceso de formación educativa, exigiendo que ésta se adecúe a sus necesidades y esté basada en la evidencia. Por último, también se recalca el papel del centro educativo como base pedagógica.</subfield>
</datafield>
<datafield tag="024" ind2=" " ind1="8">
<subfield code="a">https://uvadoc.uva.es/handle/10324/60449</subfield>
</datafield>
<datafield ind1=" " ind2=" " tag="653">
<subfield code="a">Adolescentes - Salud mental</subfield>
</datafield>
<datafield tag="245" ind1="0" ind2="0">
<subfield code="a">El punto de vista adolescente: la prevención y promoción de la salud mental</subfield>
</datafield>
</record></metadata></record></GetRecord></OAI-PMH>